Flavors of Malaysia : a journey through time, tastes and traditions.
| Main Author: | |
|---|---|
| Format: | Book |
| Published: |
New York:
Hippocrene Books,
2010.
|
| Subjects: |
| LEADER | 00508cam a2200169 7i4500 | ||
|---|---|---|---|
| 001 | 0000027975 | ||
| 005 | 20190926090000.0 | ||
| 020 | # | # | |a 9780781812498 |
| 090 | 0 | 0 | |a B 641.59595 |b RAG (LRM) |
| 100 | 1 | # | |a Raghavan |
| 245 | 1 | 0 | |a Flavors of Malaysia : |b a journey through time, tastes and traditions. |
| 260 | 0 | 0 | |a New York: |b Hippocrene Books, |c 2010. |
| 300 | # | # | |a 353 p. |
| 650 | 0 | 0 | |a Cookery, Malaysian |
| 650 | 0 | 0 | |a Cookery -- |z Malaysia |
| 651 | 0 | 0 | |a Malaysia |
| 999 | |a 0000030825 |b Book |c Book |e Business Information Centre | ||


